Costos y beneficios de la integración centroamericana /
Reseña los beneficios de la integración económica centroamericana. El aumento del crecimiento económica, la industrialización basada en el comercio intraindustrial y la mayor competencia en un mercado ampliado a una escala subregional representan en la realidad, significativos beneficios para los pa...
Na minha lista:
| Autor principal: | |
|---|---|
| Formato: | Texto |
| Assuntos: | |
| Tags: |
Adicionar Tag
Sem tags, seja o primeiro a adicionar uma tag!
|
MARC
| LEADER | 00000 a a2200000 04500 | ||
|---|---|---|---|
| 001 | 15848 | ||
| 003 | |||
| 040 | |||
| 100 | |a Cáceres, Luis René | ||
| 245 | |a Costos y beneficios de la integración centroamericana / |c Luis René Cáceres | ||
| 520 | |a Reseña los beneficios de la integración económica centroamericana. El aumento del crecimiento económica, la industrialización basada en el comercio intraindustrial y la mayor competencia en un mercado ampliado a una escala subregional representan en la realidad, significativos beneficios para los países centroamericanos. Pero se debe indicar que los beneficios se concentran principalmente en los países de mayor desarrollo significativo o relativo. Luego se indica que los costos provienen de los flujos monetarios entre países por el arbitraje de monedas, así como por el fenómeno de sustitución de monedas y por los elevados costos de transacción asociados a la convertibilidad cambiaria. La eliminación de estos costos traería otros efectos en términos de merma de la autonomía nacional en la conducción de las políticas macroeconómicas, a raíz de la coordinación y seguimiento multilaterales. El trabajo concluye con un llamado a establecer esquemas de coordinación que vayan más allá de las simples políticas macroeconómicas para abarcar una agenda regional de transformación estructural y orientar el esfuerzo regional hacia una armonización de políticas que elimine disparidades y vuelva a los países centroamericanos más integrales entre sí y con la economía internacional. OB/ALJ | ||
| 650 | |a INTEGRACION REGIONAL | ||
| 650 | |a PROBLEMAS SOCIALES | ||
| 650 | |a ASPECTOS POLITICOS | ||
| 650 | |a CONDICIONES DE VIDA | ||
| 650 | |a PARTICIPACION SOCIAL | ||
| 650 | |a GRUPOS DE INTERESES | ||
| 650 | |a POLITICA ECONOMICA | ||
| 650 | |a DESARROLLO ECONOMICO Y SOCIAL | ||
| 650 | |a MCCA | ||
| 650 | |a PAISES EN DESARROLLO | ||
| 650 | |a MERCADO INTERNACIONAL | ||
| 650 | |a INDUSTRIALIZACION | ||
| 650 | |a EXPORTAC | ||
| 650 | |a MCCA | ||
| 650 | |a EXPORTACIONES | ||
| 650 | |a IMPORTACIONES | ||
| 773 | |g número 54; páginas 111-128 | ||
| 999 | |c 39345 |d 39345 | ||
